000 00770nas a2200241 4500
001 BR0808205
003 BR-BrBNA
005 20231205112820.0
007 ta
008 230509b bl.|||p| |||| 00| 00por d
040 _aBR-BrBNA
_bpor
_cBiblioteca Nacional de Agricultura
041 _a(Pt)
072 _aL50
100 1 _aAlvarenga, F. da C. L. e
245 1 _aDiferenças ultra-estruturais entre as células de Leydig de cavalo, jumento e seu hibrido
650 _aCAVALO
650 _aJUMENTO
650 _aCÉLULA
650 _aBIOLOGIA ANIMAL
773 0 _tBrazilian Journal of Veterinary Research and Animal Science (Brazil)
_xISSN 1413-9596
_g(1992), v. 29(2) p. 173-180
_wBR0808205
909 _a202311
_bLúcia
_c55
_dLúcia Elande
942 _2AGRIS
_n0
_cANA
999 _c200154
_d200154